Cd̤igo Taurino Anotado

Bibliographic Details
Main Author: Ourique, Arnaldo
Format: eBook
Language:Portuguese
Published: Barcelona : Editorial vLex, 2013
Subjects:
Online Access:Acceso restringido

MARC

LEADER 00000nam a22000007a 4500
005 20140131125640.0
007 cr|||| ||||
008 140131s2013 po |||||s|||| 00||0 por d
035 |a 11786 
040 |a vLex 
090 |c 4702  |d 4702 
100 1 |a Ourique, Arnaldo 
245 1 0 |a Cd̤igo Taurino Anotado  |h [Recurso electrn̤ico] /  |c Arnaldo Ourique 
256 |a Servicio en ln̕ea 
260 |a Barcelona :  |b Editorial vLex,  |c 2013 
300 |a 1 recurso electrn̤ico 
506 1 |a Contenido solo disponible en los productos indicados  |d vLex Global  |d vLex Global (Academic Edition, excluding Law Schools)  |d vLex Global (U.S. Academic Edition, Law Schools)  |d vLex Global (U.S. Academic Edition, excluding Law Schools)  |d vLex Global (Academic Edition, Law Schools) 
650 0 4 |a Corridas de toros  |x Derecho y legislacin̤  |z Portugal 
740 0 |a vLex Libros (Servicio en ln̕ea) 
856 4 0 |u http://vlex.com/source/codigo-taurino-anotado-11786  |z Acceso restringido 
942 |c BOOK 
999 0 |a Bullfights --Law and legislation